|
|
|
|
| LEADER |
00000n s1a2200000 4500 |
| 001 |
380057 |
| 005 |
20231121101654.0 |
| 011 |
|
|
|a 0205-4671
|
| 035 |
|
|
|a (RuTPU)RU\TPU\prd\635
|
| 035 |
|
|
|a BOOK00000635
|
| 090 |
|
|
|a 380057
|
| 100 |
|
|
|a 20011210a1978 k y0rusy50 ca
|
| 101 |
0 |
|
|a rus
|
| 102 |
|
|
|a RU
|
| 110 |
|
|
|a agaz uu0
|
| 200 |
1 |
|
|a Вопросы атомной науки и техники. Серия : Физика и техника ядерных реакторов
|e научно-технический сборник
|f СССР, Государственный комитет по использованию атомной энергии (ГКИАЭ)
|
| 210 |
|
|
|a Москва
|d 1978-1988
|
| 305 |
|
|
|a Издается с 1978 г.
|
| 326 |
|
|
|a 6 номеров в год
|
| 440 |
|
1 |
|0 407371
|x 0205-4671
|t Вопросы атомной науки и техники. Серия : Физика ядерных реакторов
|o научно-технический журнал
|f Российский научный центр "Курчатовский институт"
|c Москва
|n НИЦ "Курчатовский институт"
|d 1989-1992, 2005, 2006, 2008-2017, 2019-
|9 407371
|a Курчатовский институт
|u http://www.nrcki.ru/catalog/nauka/nauchno-organizacionnaya-deyatelnost/izdaniya-kurchatovskogo-instituta/vant-fizika-yadernyh-reaktorov/
|
| 610 |
1 |
|
|a атомная наука
|
| 610 |
1 |
|
|a атомная техника
|
| 610 |
1 |
|
|a ядерная техника
|
| 610 |
1 |
|
|a ядерные технологии
|
| 610 |
1 |
|
|a ядерные реакторы
|
| 675 |
|
|
|a 621.039
|v 3
|
| 712 |
0 |
1 |
|a СССР
|b Государственный комитет по использованию атомной энергии (ГКИАЭ)
|3 (RuTPU)RU\TPU\col\16930
|
| 801 |
|
0 |
|a RU
|b 63413507
|c 20011210
|g PSBO
|
| 801 |
|
2 |
|a RU
|b 63413507
|c 20131017
|g PSBO
|
| 942 |
|
|
|c CR
|